[Event "GER-ch U12"]
[Site "Willingen"]
[Date "2023.06.03"]
[Round "9"]
[White "Geschke, David"]
[Black "Lee, Ho In"]
[Result "1/2-1/2"]
[WhiteElo "1458"]
[BlackElo "1492"]
[PlyCount "65"]
[EventDate "2023.05.27"]
[EventType "swiss"]
[EventRounds "9"]
[EventCountry "GER"]
[SourceTitle "CBM 214 Extra"]
[Source "ChessBase"]
[SourceDate "2023.07.31"]
[SourceVersion "1"]
[SourceVersionDate "2023.07.31"]
[SourceQuality "1"]

1. d4 d5 2. c4 dxc4 3. e3 e5 4. Bxc4 exd4 5. Qxd4 Qxd4 6. exd4 Nf6 7. Nf3 Bd6 8. Nc3 0-0 9. 0-0 Nc6 10. Nb5 Ne8 11. Nxd6 Nxd6 12. Bb3 Bf5 13. Bf4 Rad8 14. Rac1 Ne8 15. d5 Nb4 16. Bxc7 Rd7 17. Bg3 Nxd5 18. Rfd1 Nef6 19. Ne5 Rdd8 20. Bh4 Be6 21. Bxf6 Nxf6 22. Bxe6 fxe6 23. a3 Rxd1+ 24. Rxd1 Rc8 25. Kf1 Kf8 26. Ke2 Ke7 27. Rd4 Rc2+ 28. Rd2 Rc5 29. f4 Nd5 30. Nd3 Rc4 31. g3 a6 32. Kf3 g6 33. h3 1/2-1/2

[Event "GER-ch U12"]
[Site "Willingen"]
[Date "2023.05.28"]
[Round "2"]
[White "Madel, Luca"]
[Black "Geschke, David"]
[Result "1-0"]
[WhiteElo "1151"]
[BlackElo "1458"]
[PlyCount "79"]
[EventDate "2023.05.27"]
[EventType "swiss"]
[EventRounds "9"]
[EventCountry "GER"]
[SourceTitle "CBM 214 Extra"]
[Source "ChessBase"]
[SourceDate "2023.07.31"]
[SourceVersion "1"]
[SourceVersionDate "2023.07.31"]
[SourceQuality "1"]

1. d4 d5 2. Bf4 Nf6 3. Nf3 c5 4. e3 Nc6 5. c3 Qb6 6. Qc2 Bf5 7. dxc5 Bxc2 8. cxb6 axb6 9. Nbd2 Rc8 10. Bb5 e6 11. 0-0 Be7 12. Rac1 Bg6 13. Nh4 Bh5 14. Nhf3 0-0 15. Bd3 Nd7 16. e4 Nc5 17. Bc2 dxe4 18. Nxe4 Bxf3 19. gxf3 Rfd8 20. Rfd1 e5 21. Be3 g6 22. b4 Nd7 23. Bb3 Kg7 24. Nd6 Bxd6 25. Rxd6 Nf6 26. Rxd8 Rxd8 27. Bxb6 Rd3 28. Be3 e4 29. fxe4 h5 30. Bc4 Rd7 31. f3 Rc7 32. Be2 Rd7 33. Rd1 Rc7 34. Bf4 Rc8 35. e5 Ne8 36. Rd7 Rc7 37. e6 Rxd7 38. exd7 Nf6 39. Be5 Nd8 40. Bc7 1-0

[Event "GER-chT U12"]
[Site "Muenchen"]
[Date "2022.12.27"]
[Round "2"]
[White "Bock, Leonas"]
[Black "Geschke, David"]
[Result "1/2-1/2"]
[WhiteElo "1284"]
[BlackElo "1418"]
[PlyCount "75"]
[EventDate "2022.12.26"]
[EventType "team-swiss"]
[EventRounds "7"]
[EventCountry "GER"]
[SourceTitle "CBM 212 Extra"]
[Source "ChessBase"]
[SourceDate "2023.03.31"]
[SourceVersion "1"]
[SourceVersionDate "2023.03.31"]
[SourceQuality "1"]
[WhiteTeam "Weimar"]
[BlackTeam "Fritzdorf"]
[WhiteTeamCountry "GER"]
[BlackTeamCountry "GER"]

1. d4 d5 2. Nf3 Nf6 3. e3 Bf5 4. Bd3 Bg4 5. Nbd2 e6 6. b3 Nbd7 7. Bb2 c5 8. 0-0 Qb6 9. c4 Be7 10. Qc2 0-0 11. Rfe1 Rac8 12. Rac1 Rc7 13. e4 dxe4 14. dxc5 Bxc5 15. Bxe4 Bxf2+ 16. Kh1 Bxe1 17. Rxe1 Qa5 18. Bd3 Bf5 19. Ne5 Bxd3 20. Qxd3 Nxe5 21. Rxe5 Rc5 22. b4 Qxb4 23. Ba3 Qxa3 24. Qxa3 Rxe5 25. Nf3 Re4 26. Qd3 Rc8 27. c5 h6 28. Kg1 Ra4 29. Qb3 Ra5 30. Qxb7 Rcxc5 31. Qb8+ Kh7 32. Qb1+ g6 33. Qb2 Kg7 34. Nd4 Ra6 35. a3 Rd5 36. Qb7 Rb6 37. Qxa7 Rbd6 38. Nf3 1/2-1/2